<?xml version="1.0" encoding="UTF-8"?>
<record
    xmlns:xsi="http://www.w3.org/2001/XMLSchema-instance"
    xsi:schemaLocation="http://www.loc.gov/MARC21/slim http://www.loc.gov/standards/marcxml/schema/MARC21slim.xsd"
    xmlns="http://www.loc.gov/MARC21/slim">

  <leader>00714nam a22001577a 4500</leader>
  <controlfield tag="003">OSt</controlfield>
  <controlfield tag="005">20150919114947.0</controlfield>
  <controlfield tag="008">150919b        xxu||||| |||| 00| 0 eng d</controlfield>
  <datafield tag="040" ind1=" " ind2=" ">
    <subfield code="c">RUA</subfield>
  </datafield>
  <datafield tag="082" ind1=" " ind2=" ">
    <subfield code="a">AGR LON 2006 BO33 Or.1</subfield>
  </datafield>
  <datafield tag="100" ind1=" " ind2=" ">
    <subfield code="9">861</subfield>
    <subfield code="a">LONG, KIMSENG</subfield>
  </datafield>
  <datafield tag="245" ind1=" " ind2=" ">
    <subfield code="a">Effect of organic fertilizers on chinese kale at the crops station of royal university of agriculture,(&#x17A5;&#x1791;&#x17D2;&#x1792;&#x1796;&#x179B;&#x1787;&#x17B8;&#x179F;&#x179A;&#x17B8;&#x179A;&#x17B6;&#x1784;&#x17D2;&#x1782;&#x179B;&#x17BE;&#x178A;&#x17C6;&#x178E;&#x17B6;&#x17C6;&#x1781;&#x17B6;&#x178F;&#x17CB;&#x178E;&#x17B6;&#x178A;&#x17BE;&#x1798;&#x1793;&#x17C5;&#x179F;&#x17D2;&#x1790;&#x17B6;&#x1793;&#x17B8;&#x1799;&#x17CD;&#x1796;&#x17B7;&#x179F;&#x17C4;&#x1792;&#x1793;&#x17CD;&#x178A;&#x17C6;&#x178E;&#x17B6;&#x17C6;&#x179F;&#x17B6;&#x1780;&#x17B6;&#x179B;&#x179C;&#x17B7;&#x1791;&#x17D2;&#x1799;&#x17B6;&#x179B;&#x17D0;&#x1799;&#x1797;&#x17BC;&#x1798;&#x17B7;&#x1793;&#x17D2;&#x1792;&#x1780;&#x179F;&#x17B7;&#x1780;&#x1798;&#x17D2;&#x1798;).</subfield>
  </datafield>
  <datafield tag="260" ind1=" " ind2=" ">
    <subfield code="a">phnom phen</subfield>
    <subfield code="b">RUA</subfield>
    <subfield code="c">29CM</subfield>
  </datafield>
  <datafield tag="300" ind1=" " ind2=" ">
    <subfield code="a">XIII, 48p.</subfield>
    <subfield code="b">ill.</subfield>
    <subfield code="c">29cm.</subfield>
  </datafield>
  <datafield tag="942" ind1=" " ind2=" ">
    <subfield code="2">ddc</subfield>
    <subfield code="c">AGR</subfield>
  </datafield>
  <datafield tag="999" ind1=" " ind2=" ">
    <subfield code="c">830</subfield>
    <subfield code="d">830</subfield>
  </datafield>
  <datafield tag="952" ind1=" " ind2=" ">
    <subfield code="0">0</subfield>
    <subfield code="1">0</subfield>
    <subfield code="2">ddc</subfield>
    <subfield code="4">0</subfield>
    <subfield code="6">AGR_LON_2006_000000000000000_BO33_OR_1</subfield>
    <subfield code="7">0</subfield>
    <subfield code="9">3264</subfield>
    <subfield code="a">LBB</subfield>
    <subfield code="b">LBB</subfield>
    <subfield code="c">B033</subfield>
    <subfield code="d">2015-09-19</subfield>
    <subfield code="l">10</subfield>
    <subfield code="m">1</subfield>
    <subfield code="o">AGR LON 2006 BO33 Or.1</subfield>
    <subfield code="p">RUA002689</subfield>
    <subfield code="r">2023-11-20</subfield>
    <subfield code="s">2023-11-10</subfield>
    <subfield code="w">2015-09-19</subfield>
    <subfield code="y">AGR</subfield>
  </datafield>
  <datafield tag="952" ind1=" " ind2=" ">
    <subfield code="0">0</subfield>
    <subfield code="1">0</subfield>
    <subfield code="2">ddc</subfield>
    <subfield code="4">0</subfield>
    <subfield code="6">AGR_LON_2006_000000000000000_BO33_OR_2</subfield>
    <subfield code="7">0</subfield>
    <subfield code="9">36339</subfield>
    <subfield code="a">LBB</subfield>
    <subfield code="b">LBB</subfield>
    <subfield code="c">B033</subfield>
    <subfield code="d">2016-01-25</subfield>
    <subfield code="l">14</subfield>
    <subfield code="m">3</subfield>
    <subfield code="o">AGR LON 2006 BO33 Or.2</subfield>
    <subfield code="p">RUA050783</subfield>
    <subfield code="r">2024-11-06</subfield>
    <subfield code="s">2024-10-14</subfield>
    <subfield code="w">2016-01-25</subfield>
    <subfield code="y">AGR</subfield>
  </datafield>
  <datafield tag="952" ind1=" " ind2=" ">
    <subfield code="0">0</subfield>
    <subfield code="1">0</subfield>
    <subfield code="2">ddc</subfield>
    <subfield code="4">0</subfield>
    <subfield code="6">AGR_LON_2006_000000000000000_BO33_OR_3</subfield>
    <subfield code="7">0</subfield>
    <subfield code="9">54682</subfield>
    <subfield code="a">LBB</subfield>
    <subfield code="b">LBB</subfield>
    <subfield code="c">B033</subfield>
    <subfield code="d">2016-10-27</subfield>
    <subfield code="l">9</subfield>
    <subfield code="o">AGR LON 2006 BO33 Or.3</subfield>
    <subfield code="p">A00255</subfield>
    <subfield code="r">2023-12-11</subfield>
    <subfield code="s">2023-11-17</subfield>
    <subfield code="w">2016-10-27</subfield>
    <subfield code="y">AGR</subfield>
  </datafield>
  <datafield tag="952" ind1=" " ind2=" ">
    <subfield code="0">0</subfield>
    <subfield code="1">0</subfield>
    <subfield code="2">ddc</subfield>
    <subfield code="4">0</subfield>
    <subfield code="6">AGR_LON_2006_000000000000000_B1_210_OR_1</subfield>
    <subfield code="7">0</subfield>
    <subfield code="9">77549</subfield>
    <subfield code="a">LBB</subfield>
    <subfield code="b">LBB</subfield>
    <subfield code="c">B1.210</subfield>
    <subfield code="d">2019-01-21</subfield>
    <subfield code="l">1</subfield>
    <subfield code="o">AGR LON 2006 B1.210 Or.1</subfield>
    <subfield code="p">A41961</subfield>
    <subfield code="r">2022-11-29</subfield>
    <subfield code="s">2022-11-23</subfield>
    <subfield code="w">2019-01-21</subfield>
    <subfield code="y">AGR</subfield>
  </datafield>
  <datafield tag="952" ind1=" " ind2=" ">
    <subfield code="0">0</subfield>
    <subfield code="1">0</subfield>
    <subfield code="2">ddc</subfield>
    <subfield code="4">0</subfield>
    <subfield code="6">AGR_LON_2006_000000000000000_B1_210_OR_1</subfield>
    <subfield code="7">0</subfield>
    <subfield code="9">77559</subfield>
    <subfield code="a">LBB</subfield>
    <subfield code="b">LBB</subfield>
    <subfield code="c">B1.210</subfield>
    <subfield code="d">2019-01-21</subfield>
    <subfield code="l">2</subfield>
    <subfield code="o">AGR LON 2006 B1.210 Or.1</subfield>
    <subfield code="p">A41427</subfield>
    <subfield code="r">2025-09-04</subfield>
    <subfield code="s">2025-08-25</subfield>
    <subfield code="w">2019-01-21</subfield>
    <subfield code="y">AGR</subfield>
  </datafield>
  <datafield tag="952" ind1=" " ind2=" ">
    <subfield code="0">0</subfield>
    <subfield code="1">0</subfield>
    <subfield code="2">ddc</subfield>
    <subfield code="4">0</subfield>
    <subfield code="6">AGR_LON_2006_000000000000000_BO33_OR_2</subfield>
    <subfield code="7">0</subfield>
    <subfield code="9">91979</subfield>
    <subfield code="a">LBB</subfield>
    <subfield code="b">LBB</subfield>
    <subfield code="c">B033</subfield>
    <subfield code="d">2022-10-24</subfield>
    <subfield code="l">5</subfield>
    <subfield code="o">AGR LON 2006 BO33 Or.2</subfield>
    <subfield code="p">a41966</subfield>
    <subfield code="r">2024-11-11</subfield>
    <subfield code="s">2024-10-07</subfield>
    <subfield code="w">2022-10-24</subfield>
    <subfield code="y">AGR</subfield>
  </datafield>
</record>
